Teoretická východiska vlastnické správy korporací
Vymedzenie pojmu inštitúcií a mechanizmy ich fungovania. Vývoj novej inštitucionálnej ekonómie. Rozdiely medzi inštitúciami a organizáciami. Ekonómia transakčných nákladov. Pojmové vymedzenie transakčných nákladov.
Salvato in:
| Autore principale: | |
|---|---|
| Natura: | Capitolo di libro |
| Lingua: | ceco |
| Soggetti: | |
| Tags: |
Nessun Tag, puoi essere il primo ad aggiungerne!!
|
MARC
| LEADER | 00000naa a2200000 4500 | ||
|---|---|---|---|
| 001 | r042686 | ||
| 005 | 20231002130108.8 | ||
| 041 | 0 | |a cze | |
| 044 | |a CZ | ||
| 245 | 1 | 0 | |a Teoretická východiska vlastnické správy korporací |c Miroslav Hučka |
| 520 | |a Vymedzenie pojmu inštitúcií a mechanizmy ich fungovania. Vývoj novej inštitucionálnej ekonómie. Rozdiely medzi inštitúciami a organizáciami. Ekonómia transakčných nákladov. Pojmové vymedzenie transakčných nákladov. | ||
| 610 | 2 | 0 | |a teórie ekonomické |
| 610 | 2 | 0 | |a inštitúcia |
| 610 | 2 | 0 | |a organizácia |
| 610 | 2 | 0 | |a korporácie |
| 610 | 2 | 0 | |a náklady transakčné |
| 100 | 1 | |a Hučka, Miroslav | |